00744nam a2200193 i 450000100060000000300090000600500170001500700030003200800410003508000170007610000280009324501490012126000370027030000390030765100440034685200220039099900170041295201210042991230ES-MaACL20230906180654.0t|050128s1905 xxk ||||1| eng d a930.85(5-15)1 aLe Strange, Guy.97093414aThe lands of the Eastern : bCaliphate, Mesopotamia, Persia and Central Asia from the Moslem conquest to the time of Timur / cby G. Le Strange. aCambridge : bJohn Clay, c1905. aXV, 536 p. : b10 mapas ; c20 cm. 4aOriente Medio-xCivilización.91700454 aES-MaACLjG-15267 c91230d91230 00104070aATENEOMbATENEOMcSPP3d2008-01-17eSCl0oG-15267p1095251r2023-02-23 00:00:00w2023-02-23yMONOGRAFIA